Biggest U.S. Cities as a Percent of Their State - Statistics

General Stats
  • This quiz has been taken 197 times
  • The average score is 19 of 25
Answer Stats
% State City % Correct
64.2* New York New York
96%
63.4* Illinois Chicago
91%
46.7 Georgia Atlanta
89%
62.3 Massachusetts Boston
88%
31.0 California Los Angeles
88%
46.0 Washington Seattle
88%
55.6 Arizona Phoenix
87%
41.1* Oregon Portland
87%
46.5 Colorado Denver
85%
70.8 Nevada Las Vegas
82%
51.1 Minnesota Minneapolis
82%
58.6 Hawaii Honolulu
80%
32.0* Pennsylvania Philadelphia
80%
28.2 Florida Miami
79%
35.8 Maryland Baltimore
78%
37.5 Michigan Detroit
78%
36.0 Utah Salt Lake City
77%
36.4 New Mexico Albuquerque
75%
25.1 Indiana Indianapolis
74%
33.9 Alaska Anchorage
73%
87.5* Rhode Island Providence
71%
30.8* Missouri St. Louis
66%
38.6* Nebraska Omaha
60%
27.1 Connecticut Hartford
49%
25.4 Connecticut Bridgeport
37%
No matching quizzes found
Score Distribution
Percent of People with Each Score
Percentile by Number Answered
Your Score History
You have not taken this quiz